Countries F1 Has Traveled To - Statistics

General Stats
  • This quiz has been taken 183 times
  • The average score is 29 of 34
Answer Stats
Answer % Correct
United States
97%
United Kingdom
96%
Australia
95%
France
93%
China
92%
Italy
92%
Spain
92%
Austria
91%
Japan
91%
Germany
90%
Mexico
89%
Russia
89%
Brazil
88%
Canada
88%
Argentina
87%
Belgium
87%
Bahrain
85%
Monaco
85%
Netherlands
85%
Hungary
84%
South Africa
84%
Portugal
83%
India
82%
Singapore
82%
Qatar
81%
Saudi Arabia
80%
United Arab Emirates
80%
South Korea
77%
Turkey
75%
Switzerland
74%
Malaysia
73%
Sweden
73%
Azerbaijan
71%
Morocco
58%
No matching quizzes found
Score Distribution
Percent of People with Each Score
Percentile by Number Answered
Your Score History
You have not taken this quiz